Superhero Team Members Quiz Stats

 Plays Quiz not verified by Sporcle

Challenge
Share
Tweet
Embed
Score 0/97 Timer 12:00
0 Plays Today
Team Roster % Correct
Justice League Of AmericaBatman
97.4%
Justice League Of AmericaSuperman
97.1%
AvengersIron Man
95.4%
Force WorksIron Man
95.4%
Teen TitansKid Flash
95.2%
Justice Society of AmericaGreen Lantern
95.2%
Justice League Of AmericaGreen Lantern
94.8%
Justice League Of AmericaWonder Woman
94.5%
Justice League Of AmericaThe Flash
94.3%
AvengersHulk
94.3%
Justice Society of AmericaFlash
94.3%
The DefendersHulk
94.3%
Teen TitansRobin
93.3%
X-MenCyclops
93.1%
AvengersThor
92.8%
X-MenBeast
92.6%
X-MenProfessor X
91.1%
Justice League Of AmericaAquaman
90.5%
Justice League Of AmericaMartian Manhunter
89.9%
X-MenMarvel Girl
88.5%
AvengersAnt-Man
87.5%
AvengersWasp
86.6%
X-MenIceman
86.3%
X-MenAngel
84%
Teen TitansAqualad
74.7%
Justice Society of AmericaHawkman
71.1%
Teen TitansWonder Girl
70.1%
The DefendersDr Strange
65.8%
Suicide SquadDeadshot
58.1%
X-ForceCable
57.7%
The DefendersNamor
57.6%
Justice Society of AmericaAtom
56.9%
Alpha FlightSasquatch
56.7%
Team Roster % Correct
Justice Society of AmericaDr Fate
56.2%
The DefendersSilver Surfer
55.2%
Seven Soldiers of VictoryGreen Arrow
53.8%
Justice Society of AmericaHour-Man
51.2%
Alpha FlightPuck
50.9%
Alpha FlightGuardian
49.3%
Alpha FlightNorthstar
49.1%
Justice Society of AmericaThe Sandman
47.9%
Justice Society of AmericaThe Spectre
47.4%
Seven Soldiers of VictorySpeedy
46.7%
Alpha FlightAurora
46.6%
Doom PatrolRobotman
46.4%
Doom PatrolElasti-Girl
44.8%
Alpha FlightShaman
44.5%
Alpha FlightSnowbird
43.1%
X-ForceDomino
42.6%
Doom PatrolNegative Man
42.1%
X-ForceCannonball
41.9%
Suicide SquadCaptain Boomerang
40.4%
ThunderboltsBaron Zemo
38.3%
Suicide SquadRick Flag Jr
37.3%
Force WorksSpider-Woman
35.6%
Doom PatrolChief
35.4%
X-ForceShatterstar
34.4%
X-ForceBoom Boom
33.7%
X-ForceFeral
33.5%
X-ForceWarpath
33.3%
ThunderboltsMoonstone
33%
Suicide SquadAmanda Waller
31.1%
ThunderboltsBeetle
30.9%
Force WorksScarlet Witch
30.8%
Suicide SquadBronze Tiger
30.2%
Seven Soldiers of VictoryVigilante
29.4%
Team Roster % Correct
Infinity Inc.Jade
28.9%
Infinity Inc.Skyman
28.7%
Infinity Inc.Obsidian
27.8%
Seven Soldiers of VictoryStar-Spangled Kid
27.7%
Seven Soldiers of VictoryShining Knight
27.5%
ThunderboltsGoliath
27.3%
Infinity Inc.Power Girl
27.3%
Force WorksWonder Man
27.3%
ThunderboltsFixer
26.8%
ThunderboltsScreaming Mimi
25.9%
Seven Soldiers of VictoryCrimson Avenger
25.9%
Suicide SquadEnchantress
25.3%
Infinity Inc.Nuklon
24.7%
L.A.W.Blue Beetle
24.4%
Alpha FlightMarrina
23.7%
Infinity Inc.Fury
23.2%
Seven Soldiers of VictoryStripesy
22.7%
Force WorksUS Agent
22.7%
L.A.W.Captain Atom
21.5%
Infinity Inc.Huntress
21.1%
Infinity Inc.Silver Scarab
21%
Suicide SquadNightshade
20.3%
L.A.W.Nightshade
20.3%
Infinity Inc.Northwind
18.2%
Infinity Inc.Brainwave
17.2%
L.A.W.The Question
17%
Suicide SquadPlastique
16.7%
L.A.W.Sarge Steel
14.4%
L.A.W.Judomaster
14.3%
L.A.W.The Peacemaker
13.9%
Suicide SquadNemesis
12.2%

You're not logged in!

Compare scores with friends on all Sporcle quizzes.
Join for Free
OR
Log In

You Might Also Like...

Show Comments

Extras

Top Quizzes Today


Score Distribution

Your Account Isn't Verified!

In order to create a playlist on Sporcle, you need to verify the email address you used during registration. Go to your Sporcle Settings to finish the process.

Report this User

Report this user for behavior that violates our Community Guidelines.

Details: